[Event "Tarragona-ch"]
[Site "Tarragona"]
[Date "2003.??.??"]
[Round "3"]
[White "Foguet Albiol, Jose"]
[Black "Gallimo Llao, Enric"]
[Result "0-1"]
[WhiteElo "1930"]
[BlackElo "2055"]
[PlyCount "59"]
[EventDate "2003.??.??"]
[EventType "swiss"]
[EventRounds "9"]
[EventCountry "ESP"]
[SourceTitle "EXT 2007"]
[Source "ChessBase"]
[SourceDate "2006.11.23"]
[SourceVersion "1"]
[SourceVersionDate "2006.11.23"]
[SourceQuality "1"]

1. e4 c5 2. Nf3 d6 3. Nc3 g6 4. Bc4 Bg7 5. 0-0 Nf6 6. d4 cxd4 7. Nxd4 0-0 8. Be3 Nc6 9. a3 Ng4 10. Qd2 Nxe3 11. fxe3 Ne5 12. Bb3 a6 13. Nf3 Bd7 14. Nxe5 Bxe5 15. Rf2 Rc8 16. Raf1 e6 17. Rf3 Qh4 18. Rh3 Qe7 19. Rhf3 Bc6 20. Qd3 Qh4 21. Rh3 Qg4 22. Qd2 Bxc3 23. bxc3 Qxe4 24. Rf4 Qe5 25. Rfh4 h5 26. Qd3 f5 27. Rg3 Be4 28. Rxh5 Qxg3 29. Bxe6+ Kg7 30. Rh3 0-1